000 00352nam a2200145Ia 4500
008 230917s9999||||xx |||||||||||||| ||und||
040 _e160391
_aMAIN
041 _aEnglish
082 _a338.4791 S64T
100 _aSinha, P C, ed.
245 0 _aTourism planning
260 _aNew Delhi
_bAnmol Publications
_c2005
300 _a267 p.
942 _cBK
999 _c130485
_d130485